Osobitosti rozpočtového hospodárenia v školách a školských zariadeniach

Aplikácia rozpočtového hospodárenia rozpočtových organizácií podľa ustanovenií par. 23 ods. 1 zákona č. 523/2004 Z.z. o rozpočtových pravidlách verejnej správy a o zmene a doplnení niektorých zákonov v znení neskorrších predpisov a v plnom rozsahu sa vzťahujú na školy a školské zariadenia.

Salvato in:
Dettagli Bibliografici
Autore principale: Veverková, Ingrid
Natura: Capitolo di libro
Lingua:slovacco
Soggetti:
Tags: Aggiungi Tag
Nessun Tag, puoi essere il primo ad aggiungerne!!

MARC

LEADER 00000naa a2200000 4500
001 0152706
005 20231127102609.9
041 0 |a slo 
044 |a SK 
245 1 0 |a Osobitosti rozpočtového hospodárenia v školách a školských zariadeniach  |c Ingrid Veverková 
520 |a Aplikácia rozpočtového hospodárenia rozpočtových organizácií podľa ustanovenií par. 23 ods. 1 zákona č. 523/2004 Z.z. o rozpočtových pravidlách verejnej správy a o zmene a doplnení niektorých zákonov v znení neskorrších predpisov a v plnom rozsahu sa vzťahujú na školy a školské zariadenia. 
610 2 0 |a hospodárenie finančné 
610 2 0 |a organizácie rozpočtové 
610 2 0 |a školy 
610 2 0 |a zariadenia školské 
610 2 0 |a rozpočtovanie 
610 2 0 |a legislatíva 
610 2 0 |a správa verejná 
100 1 |a Veverková, Ingrid